Ordeal By Innocence (Record no. 109468)

MARC details
000 -LEADER
fixed length control field 00388nam a2200133Ia 4500
008 - FIXED-LENGTH DATA ELEMENTS--GENERAL INFORMATION
fixed length control field 211119s9999||||xx |||||||||||||| ||und||
082 ## - DEWEY DECIMAL CLASSIFICATION NUMBER
Classification number 823
Item number CHR-O
100 ## - MAIN ENTRY--PERSONAL NAME
Personal name Christie, Agatha
245 #0 - TITLE STATEMENT
Title Ordeal By Innocence
260 ## - PUBLICATION, DISTRIBUTION, ETC.
Name of publisher, distributor, etc. Indus
Place of publication, distribution, etc. New Delhi
Date of publication, distribution, etc. 1958
300 ## - PHYSICAL DESCRIPTION
Extent 352p
650 ## - SUBJECT ADDED ENTRY--TOPICAL TERM
Topical term or geographic name entry element English Literature
942 ## - ADDED ENTRY ELEMENTS (KOHA)
Koha item type BOOK
650 ## - SUBJECT ADDED ENTRY--TOPICAL TERM
Form subdivision English FictionEnglish NovelShort StoriesEnglish
General subdivision General Stack
Holdings
Withdrawn status Lost status Damaged status Not for loan Home library Current library Date acquired Cost, normal purchase price Total Checkouts Full call number Barcode Shelving location Date last seen Date last checked out Price effective from Koha item type
        SB LIBRARY SB LIBRARY 19/11/2021 150.00 1 823 CHR-O 00122893 GENERAL STACK 08/08/2022 06/06/2022 19/11/2021 BOOK

Powered by Koha